书目信息 |
| 题名: |
科学的形象
|
|
| 作者: | 弗拉森 著 ;郑祥福 译 | |
| 分册: | ||
| 出版信息: | 上海 上海译文出版社 2002.05 |
|
| 页数: | 270页 | |
| 开本: | 19cm | |
| 丛书名: | 二十世纪西方哲学译丛 | |
| 单 册: | ||
| 中图分类: | N02 | |
| 科图分类: | ||
| 主题词: | 自然科学--哲学理论 | |
| 电子资源: | ||
| ISBN: | 7-5327-2762-9 | |
| 000 | 00683nam0 2200229 45 | |
| 001 | 0455308674 | |
| 005 | 2004042515214837 | |
| 010 | @a7-5327-2762-9@dCNY 19.00 | |
| 100 | @a20040425d2002 km y0chiy0120 ea | |
| 101 | 0 | @achi |
| 102 | @aCN@b310000 | |
| 200 | 1 | @a科学的形象@AKe Xue De Xing Xiang@f(美)弗拉森著;郑祥福译@F(mei)fu la sen zhu;zheng xiang fu yi |
| 210 | @a上海@c上海译文出版社@d2002.05 | |
| 215 | @a270页@d19cm | |
| 225 | 2 | @a二十世纪西方哲学译丛 |
| 410 | 0 | @12001 @a二十世纪西方哲学译丛 |
| 606 | 0 | @a自然科学@x哲学理论 |
| 690 | 1 | @aN02@v4 |
| 701 | 0 | @a弗拉森@Afu la sen@4著 |
| 702 | 0 | @a郑祥福@Azheng xiang fu@4译 |
| 801 | 0 | @aCN@bPFT@c20040425 |
| 905 | @dN02@eF590 | |
| 科学的形象/(美)弗拉森著;郑祥福译.-上海:上海译文出版社,2002.05 |
| 270页;19cm.-(二十世纪西方哲学译丛) |
| ISBN 7-5327-2762-9:CNY 19.00 |
| ● |
| 相关链接 |
|
|
|
正题名:科学的形象
索取号:N02/F590
 
预约/预借
| 序号 | 登录号 | 条形码 | 馆藏地/架位号 | 状态 | 备注 |
| 1 | 381312 | 203813123 | 自科库401/401自科库 133排2列2层/ [索取号:N02/F590] | 在馆 | |
| 2 | 381313 | 203813132 | 期刊室512/401自科库 133排2列2层/ [索取号:N02/F590] | 在馆 |